| 000 | 00938nam a2200241 i 4500 | ||
|---|---|---|---|
| 001 | 175638 | ||
| 003 | ES-MaACL | ||
| 005 | 20250830025154.0 | ||
| 007 | t| | ||
| 008 | 101112s1979 sp r ||||1| spa d | ||
| 020 | _a84-220-0917-X | ||
| 080 | _a2-475:061.3(724.7) | ||
| 111 | 2 |
_aConferencia General del Episcopado Latinoamericano _n(3ª. _d1979. _cPuebla, México) _9143914 |
|
| 245 | 1 | 0 |
_aPuebla _b: la evangelización en el presente y en el futuro de América Latina / _cIII Conferencia General del Episcopado Latinoamericano. |
| 260 |
_aMadrid : _bEDICA, _c1979. |
||
| 300 |
_aXIX, 411p. ; _c18 cm. |
||
| 490 | 1 |
_aBiblioteca de autores cristianos. Serie Minor ; _v55 |
|
| 500 | _aÍndice. | ||
| 650 | 0 | 4 |
_aEvangelización- _zAmérica Latina- _vCongresos y asambleas. _9143915 |
| 830 | 0 | 0 |
_aBiblioteca de autores cristianos. _pMinor _v55 _9189814 |
| 852 |
_aES-MaACL _jE-13515 _xOlim P-1255 |
||
| 999 |
_c175638 _d175638 |
||